000
00355nam a2200157Ia 4500
003
0STCL
008
150530s9999 xx 000 0 und d
040
_a
STCL
_c
STCL
100
_a
Krishnamurthy, S.; Ed
245
_a
On the heights
260
_b
Orient Longman
_c
0
546
_a
English
942
_2
ddc
_c
BK
999
_c
44300
_d
44300
005
20220125170629.0